Globalization and the City : (Record no. 93879)

MARC details
000 -LEADER
fixed length control field 02394nam a2200265Ii 4500
008 - FIXED-LENGTH DATA ELEMENTS--GENERAL INFORMATION
fixed length control field 221202s xx 000 0 und d
100 1# - MAIN ENTRY--PERSONAL NAME
Personal name Exenberger, Andreas,
Relator term author
245 #0 - TITLE STATEMENT
Title Globalization and the City :
Remainder of title Two Connected Phenomena in Past and Present
264 ## - PRODUCTION, PUBLICATION, DISTRIBUTION, MANUFACTURE, AND COPYRIGHT NOTICE
Name of producer, publisher, distributor, manufacturer innsbruck university press
Date of production, publication, distribution, manufacture, or copyright notice 2013
300 ## - PHYSICAL DESCRIPTION
Extent 1 online resource (222 pages)
336 ## - CONTENT TYPE
Content type term text
Content type code txt
Source rdacontent
337 ## - MEDIA TYPE
Media type term computer
Media type code c
Source rdamedia
338 ## - CARRIER TYPE
Carrier type term online resource
Carrier type code cr
Source rdacarrier
520 ## - SUMMARY, ETC.
Summary, etc. The world today is far less a global village than a "global city", as global network of multidimensional urban spaces of congestion prominently forming : and also formed by : globalization. But the relevance of cities is nothing but new. They were essential for culture and civilization worldwide, they allowed a centralization of power and knowledge and they were crucial for the division of labor and for the organization of mass demand. Further, as places of intense and continuous interactions, cities are the locations par excellence for global history to take place. Thus, there is a need to study the history of cities in connection with the history of globalization from this perspective. This book is dedicated to contribute to the still underdeveloped but growing literature connecting the history of cities worldwide and their relation to global processes. The authors do so from various disciplinary backgrounds and by referring to different times and places. We visit ancient Alexandria, nineteenth century Zanzibar, and modern-day São Paolo, among others, and we view these cities not only in their globality, but also through their heritage, their economic relevance, their architecture, or financial flows connecting them. Further, the book also contains systematic considerations about "global city", especially the general role of cities in development, cities in global history teaching, and cities' relationships to global commodity chains.
653 ## - INDEX TERM--UNCONTROLLED
Uncontrolled term Global Network
653 ## - INDEX TERM--UNCONTROLLED
Uncontrolled term Globale Netzwerke
653 ## - INDEX TERM--UNCONTROLLED
Uncontrolled term Globalgeschichte
653 ## - INDEX TERM--UNCONTROLLED
Uncontrolled term Globalisierung
653 ## - INDEX TERM--UNCONTROLLED
Uncontrolled term Globalization
700 1# - ADDED ENTRY--PERSONAL NAME
Personal name Bischof, Günter
700 1# - ADDED ENTRY--PERSONAL NAME
Personal name Mokhiber, James
700 1# - ADDED ENTRY--PERSONAL NAME
Personal name Strobl, Philipp
856 ## - ELECTRONIC LOCATION AND ACCESS
Uniform Resource Identifier <a href="https://docs.google.com/spreadsheets/d/1yKIrdCPDAG_9c22mwoOIO2DOhtj65Wqa/edit?usp=sharing&ouid=106555315294820607512&rtpof=true&sd=true ">https://docs.google.com/spreadsheets/d/1yKIrdCPDAG_9c22mwoOIO2DOhtj65Wqa/edit?usp=sharing&ouid=106555315294820607512&rtpof=true&sd=true </a>
Link text List of Curated E-Books
942 ## - ADDED ENTRY ELEMENTS (KOHA)
Koha item type E-Book

No items available.

University of Rizal System
Email us at univlibservices@urs.edu.ph

Visit our Website www.urs.edu.ph/library